=LDR 00000nam 2200000 4500 =001 INLIS000000000013040 =005 20130612104508 =008 ***********************************Ind** =035 ##$$0010-061300000013040 =041 ##$$a Ind =082 ##$$a R.352.007 220 421 598 16 =090 ##$$a R.352.007 220 421 598 16, Sta s =245 ##$$a Statistik potensi desa propinsi Sumatra Selatan = village potensial statistics province of Sumatra Selatan =260 ##$$a 2003 $b (s.l) =300 ##$$a 359 hlm, 28 cm =650 ##$$a Desa potensi - Statistik Sumatra Selatan =850 ##$$a NBPNMAT